UM Logo

Teaching nursing: (Record no. 2493)

MARC details
000 -LEADER
fixed length control field 00510nam a22001577a 4500
008 - FIXED-LENGTH DATA ELEMENTS--GENERAL INFORMATION
fixed length control field 160516b xxu||||| |||| 00| 0 eng d
020 ## - INTERNATIONAL STANDARD BOOK NUMBER
International Standard Book Number 1-932514-01-5
082 ## - DEWEY DECIMAL CLASSIFICATION NUMBER
Edition number 2005
Classification number DC 610.73
Item number C17t
100 ## - MAIN ENTRY--PERSONAL NAME
9 (RLIN) 8251
Personal name Caputi, Linda.
245 ## - TITLE STATEMENT
Title Teaching nursing:
Remainder of title the art and science/
Statement of responsibility, etc. Linda Caputi.
260 ## - PUBLICATION, DISTRIBUTION, ETC. (IMPRINT)
Place of publication, distribution, etc. Illinois:
Name of publisher, distributor, etc. College of DuPage Press,
Date of publication, distribution, etc. c2005.
300 ## - PHYSICAL DESCRIPTION
Extent xix, 502 pages;
Dimensions 23 cm.
500 ## - GENERAL NOTE
General note Includes bibliographical references and index.
650 #0 - SUBJECT ADDED ENTRY--TOPICAL TERM
9 (RLIN) 8252
Topical term or geographic name as entry element Nursing education.
942 ## - ADDED ENTRY ELEMENTS (KOHA)
Source of classification or shelving scheme Dewey Decimal Classification
Koha item type Circulation
Holdings
Withdrawn status Lost status Source of classification or shelving scheme Damaged status Not for loan Collection code Home library Current library Date acquired Total Checkouts Full call number Barcode Date last seen Price effective from Koha item type
    Dewey Decimal Classification     Circulation UM Digos College - LIC UM Digos College - LIC 04/21/2006   DC 610.73 C17t 2005 18522 05/15/2025 05/16/2016 Circulation